El eternauta /
El eternauta es la primera novela gráfica en español y las más importantes para el mundo hispanoamericano. Obra cumbre de la ciencia ficción, fue publicada originalmente en Argentina como una serie de 106 entregas desde 1957 a 1959, en la revista Hora Cero Semanal. Con su vitalidad narrativa, su vig...
Guardado en:
| Autor Principal: | |
|---|---|
| Otros Autores: | |
| Formato: | Libro |
| Idioma: | Undetermined |
| Publicado: |
Buenos Aires :
Planeta,
2025.
|
| Edición: | 6a ed. |
| Series: | Narrativa dibujada
|
| Materias: | |
| Etiquetas: |
Agregar Etiqueta
Sin Etiquetas, Sea el primero en etiquetar este registro!
|
| LEADER | 01164nam a22002535a 4500 | ||
|---|---|---|---|
| 001 | CEM.cems024634 | ||
| 008 | 250529s2025####ag############000#0#und#d | ||
| 005 | 20250529123805.0 | ||
| 245 | 1 | 0 | |a El eternauta / |c Héctor Germán Oesterheld ; dibujos Francisco Solano López; prologo Guillermo Saccomanno y Juan Sasturian. |
| 250 | |a 6a ed. | ||
| 260 | |a Buenos Aires : |b Planeta, |c 2025. | ||
| 300 | |a 376 p. ; |c 25 cm. | ||
| 490 | 1 | |a Narrativa dibujada | |
| 520 | |a El eternauta es la primera novela gráfica en español y las más importantes para el mundo hispanoamericano. Obra cumbre de la ciencia ficción, fue publicada originalmente en Argentina como una serie de 106 entregas desde 1957 a 1959, en la revista Hora Cero Semanal. Con su vitalidad narrativa, su vigor político y su peso iconográfico intactos. | ||
| 020 | |a 9789504982814 | ||
| 100 | 1 | |a Oesterheld, Héctor Germán. | |
| 700 | 1 | |a Solano López, Francisco. | |
| 082 | 0 | 4 | |a A868.4 |
| 653 | |a Literatura | ||
| 653 | |a Literatura argentina | ||
| 653 | |a Literatura infantil | ||
| 653 | |a Novela gráfica | ||
| 653 | |a Ciencia ficción | ||
| 859 | |a CEMS |b BIB. CEMS - Agricultura |h A868.4 |i Oe8-2 |p A3816.25 |t Ej.1 | ||
